Statistiken für Stadtkreise Zürichs auf einer Karte

Klicken Sie hier um das Quiz zu spielen!

Allgemein

  • Dieses Quiz wurde 120 mal gespielt
  • Das Durchschnittsergebnis liegt bei 9 aus 12

Antworten auf der Karte

Die Antworten werden auf der Karte rot bzw. grün angezeigt, abhängig davon wie oft sie richtig erraten wurden.
 

Antwortstatistiken

#Stadtkreis% Korrekt
11Kreis 11
97%
9Kreis 9
83%
3Wiedikon
82%
2
Kreis 2
79%
10Kreis 10
78%
7Kreis 7
78%
1Altstadt
76%
4Aussersihl
67%
12Schwamendingen
64%
6Kreis 6
55%
5Industriequartier
53%
8Riesbach
46%

Verteilung der Resultate

Perzentil nach korrekt beantworteten Fragen

Anzahl Personen mit jedem Resultat

Ihre Resultats-Entwicklung

Sie haben dieses Quiz noch nicht gespielt